[Event "IRI-ch U12"]
[Site "Chess.com INT"]
[Date "2021.01.16"]
[Round "9"]
[White "Gholami, Armin1111"]
[Black "Hadavandkhani, Mohammadmahdi"]
[Result "1-0"]
[WhiteElo "1333"]
[BlackElo "1623"]
[PlyCount "131"]
[EventDate "2021.01.16"]
[EventType "swiss"]
[EventRounds "11"]
[EventCountry "IRI"]
[SourceTitle "EXT 2022"]
[Source "ChessBase"]
[SourceDate "2021.10.06"]
[SourceVersion "1"]
[SourceVersionDate "2021.10.06"]
[SourceQuality "1"]

1. d4 d5 2. c4 e6 3. cxd5 exd5 4. Nf3 Nf6 5. Nc3 c6 6. Bg5 Be7 7. Bxf6 Bxf6 8. e3 0-0 9. Bd3 Bg4 10. 0-0 Nd7 11. h3 Bh5 12. Re1 Re8 13. Rc1 Qb6 14. Na4 Qa5 15. b4 Qxb4 16. g4 Bg6 17. Bxg6 hxg6 18. Rb1 Qd6 19. Rxb7 Reb8 20. Rb3 Rxb3 21. Qxb3 Rb8 22. Qc3 Rb4 23. Nb2 Nb6 24. Nd3 Rc4 25. Qb2 c5 26. g5 Na4 27. Qb7 Qe7 28. Qxd5 Nb6 29. gxf6 Qxf6 30. Qe4 cxd4 31. Nxd4 Rc8 32. Qe5 Qd8 33. Nf4 Nc4 34. Qd5 Qc7 35. Rc1 Kh7 36. Nd3 a5 37. Nb2 Rd8 38. Qxc4 Qe5 39. Qf1 Rd6 40. Nd3 Qg5+ 41. Qg2 Qf6 42. Rc6 Rxc6 43. Qxc6 Qg5+ 44. Qg2 Qf6 45. Qf3 Qg5+ 46. Qg4 Qf6 47. h4 a4 48. h5 g5 49. Qf5+ Kh6 50. Qxf6+ gxf6 51. Nc5 a3 52. Nc2 Kxh5 53. Nxa3 Kg4 54. Nc4 Kf5 55. a4 g4 56. a5 g3 57. fxg3 Kg4 58. a6 f5 59. a7 f4 60. gxf4 f6 61. a8Q Kh4 62. Qh8+ Kg4 63. Qxf6 Kf3 64. Kf1 Kg3 65. Qg5+ Kf3 66. Qg2# 1-0

[Event "IRI-ch U12"]
[Site "Chess.com INT"]
[Date "2021.01.16"]
[Round "10"]
[White "Hadavandkhani, Mohammadmahdi"]
[Black "Hasanpor Moghadam, Iman"]
[Result "0-1"]
[WhiteElo "1623"]
[BlackElo "1285"]
[PlyCount "80"]
[EventDate "2021.01.16"]
[EventType "swiss"]
[EventRounds "11"]
[EventCountry "IRI"]
[SourceTitle "EXT 2022"]
[Source "ChessBase"]
[SourceDate "2021.10.06"]
[SourceVersion "1"]
[SourceVersionDate "2021.10.06"]
[SourceQuality "1"]

1. e4 e6 2. d4 d5 3. Nd2 c5 4. exd5 exd5 5. c3 Nf6 6. Ngf3 Nc6 7. Bb5 Be7 8. 0-0 0-0 9. Bxc6 bxc6 10. Ne5 Qc7 11. Ndf3 Ng4 12. Re1 Nxe5 13. dxe5 Bg4 14. h3 Bh5 15. Bf4 Qb6 16. b3 Rfe8 17. Re3 Rad8 18. g4 Bg6 19. Bg5 Bxg5 20. Nxg5 d4 21. cxd4 cxd4 22. Re2 d3 23. Re3 f6 24. Nf3 fxe5 25. Nxe5 d2 26. Re2 Qd4 27. Nf3 Qxa1 28. Rxe8+ Bxe8 29. Qxa1 d1Q+ 30. Qxd1 Rxd1+ 31. Kg2 Bf7 32. Ne5 Bd5+ 33. Kg3 Ra1 34. a4 Ra3 35. f3 Rxb3 36. Nd7 Rxf3+ 37. Kh4 h6 38. Ne5 Ra3 39. Kh5 Rxh3+ 40. Kg6 Be4# 0-1

[Event "IRI-ch U12"]
[Site "Chess.com INT"]
[Date "2021.01.16"]
[Round "3"]
[White "Jafari, Amir Hossein"]
[Black "Hadavandkhani, Mohammadmahdi"]
[Result "0-1"]
[WhiteElo "1249"]
[BlackElo "1623"]
[PlyCount "44"]
[EventDate "2021.01.16"]
[EventType "swiss"]
[EventRounds "11"]
[EventCountry "IRI"]
[SourceTitle "EXT 2022"]
[Source "ChessBase"]
[SourceDate "2021.10.06"]
[SourceVersion "1"]
[SourceVersionDate "2021.10.06"]
[SourceQuality "1"]

1. e4 c5 2. c3 e5 3. Nf3 Nc6 4. Bc4 Be7 5. Qb3 Nh6 6. Bd5 Bf6 7. a4 0-0 8. d4 cxd4 9. Bxh6 gxh6 10. cxd4 Nxd4 11. Nxd4 exd4 12. Qg3+ Kh8 13. e5 Qe7 14. f4 Bh4 15. Nd2 Bxg3+ 16. hxg3 f6 17. Nf3 fxe5 18. fxe5 Rxf3 19. Bxf3 Qxe5+ 20. Kf2 Qe3+ 21. Kf1 b6 22. Bxa8 Ba6# 0-1

[Event "IRI-ch U12"]
[Site "Chess.com INT"]
[Date "2021.01.16"]
[Round "7"]
[White "Kouchaki Chenani, Amirreza"]
[Black "Hadavandkhani, Mohammadmahdi"]
[Result "0-1"]
[WhiteElo "1300"]
[BlackElo "1623"]
[PlyCount "68"]
[EventDate "2021.01.16"]
[EventType "swiss"]
[EventRounds "11"]
[EventCountry "IRI"]
[SourceTitle "EXT 2022"]
[Source "ChessBase"]
[SourceDate "2021.10.06"]
[SourceVersion "1"]
[SourceVersionDate "2021.10.06"]
[SourceQuality "1"]

1. e4 e6 2. d3 d5 3. Nd2 c5 4. Ngf3 Nc6 5. g3 Nf6 6. exd5 exd5 7. Qe2+ Be7 8. Bg2 Bg4 9. 0-0 0-0 10. h3 Bh5 11. g4 Bg6 12. Ne5 Nxe5 13. Qxe5 Bd6 14. Qe1 Re8 15. Qd1 Qc7 16. Nf3 h6 17. Bd2 Rad8 18. Re1 c4 19. d4 Ne4 20. c3 f5 21. Nh4 Nxf2 22. Qf3 fxg4 23. hxg4 Be4 24. Qxf2 Bg3 25. Qf1 Bxh4 26. Bf4 Qf7 27. Re3 Bxg2 28. Rxe8+ Rxe8 29. Kxg2 Qg6 30. Rc1 Qxg4+ 31. Kh1 Re2 32. b3 Rf2 33. Qg1 Qf3+ 34. Qg2 Qxg2# 0-1